000 01314nam0a2200325 4500
001 RU\NLR\BIBL_A\022371635
005 20260420020918.0
010 _a978-5-6050883-4-9
_9920
021 _aRU
_bКН-П-24-053937
_9КН-П-24-5374
035 _a(NLR Aleph) 022371635
090 _a13669024
_c13669024
100 _a20241102d2023 u y0rusy50 ca
101 0 _arus
102 _aRU
105 _aabchz 010yy
181 0 _ai3
_bxxxe
181 0 _ab2
_bxb2e
182 0 _an
200 1 _aВехи большого пути
_eк 100-летию Кяхтинского района
_e[история края
_fредактор-составитель: О. Б. Дамдинжапова]
203 _aТекст
_aИзображение
_bвизуальные
_cнепосредственные
210 _aУлан-Удэ
_cНомад
_d2023
215 _a255 с.
_cил., цв. ил., карта, портр., факс.
_d28
320 _aБиблиогр.: с. 254 (33 назв.)
607 _aКяхтинский район (Бурятия)
_jФотоальбомы
_xИстория
_92396108
_3RU\NLR\AUTH\6601648666
686 1 _aТ3(2Р-6Бу)я6
702 1 _aДамдинжапова
_bО. Б.
_4220
_4340
942 _cBOOK
980 _aNB